|
|
|
|
| LEADER |
00000cam a2200000 7i4500 |
| 001 |
0000008780 |
| 002 |
000009573 |
| 005 |
20000330.0 |
| 020 |
|
|
|a 9838802735
|
| 090 |
0 |
0 |
|a 745.5
|b HAZ
|
| 100 |
1 |
|
|a Hazimi Malek
|
| 245 |
1 |
0 |
|a Marker :
|b teknik dan kaedah penggunaan
|c Hazimi Malek
|
| 260 |
|
|
|a Petaling Jaya :
|b Eddiplex ,
|c 1996
|
| 300 |
|
|
|a 32 p. :
|b ill. ;
|c 19 cm.
|
| 490 |
0 |
|
|a Skil Asas Seni Lukis
|
| 650 |
0 |
0 |
|a Art
|x Technique
|x Juvenile literature
|
| 999 |
|
|
|a 050507
|b BUKU
|c PINJAMAN
|e PERPUSTAKAAN KOMUNITI PETALING JAYA
|
| 999 |
|
|
|a 050509
|b BUKU
|c PINJAMAN
|e PERPUSTAKAAN KOMUNITI PETALING JAYA
|